000
00319nam a22001217a 4500
008
250610b |||||||| |||| 00| 0 eng d
020
_a
0500202346
050
_a
NA 680
_b
.D 53
245
_a
Dictionary of 20th century architecture
260
_a
London
_b
Thames and Hudson limited
_c
1997
300
_a
384p
942
_c
BK
999
_c
3845
_d
3845